Laudis Canticum - Lodi e vespri quarta settimana (Record n. 102459)

Dettagli MARC
000 -LEADER
fixed length control field 01177njm a2200313Ia 4500
001 - CONTROL NUMBER
control field H7543
003 - CONTROL NUMBER IDENTIFIER
control field IT-RoPAU
005 - DATE AND TIME OF LATEST TRANSACTION
control field 20220918181155.0
008 - FIXED-LENGTH DATA ELEMENTS--GENERAL INFORMATION
fixed length control field 131025s9999 xx 000 0 und d
040 ## - CATALOGING SOURCE
Original cataloging agency IT-RoPAU
040 ## - CATALOGING SOURCE
Transcribing agency IT-RoPAU
041 ## - LANGUAGE CODE
Language code of text/sound track or separate title ITALIANO
999 ## - SYSTEM CONTROL NUMBERS (KOHA)
Koha Dewey Subclass [OBSOLETE] n.d.
100 ## - MAIN ENTRY--PERSONAL NAME
Personal name AA.VV.
9 (RLIN) 794
100 ## - MAIN ENTRY--PERSONAL NAME
Relator term Autore musica
9 (RLIN) 33611
100 ## - MAIN ENTRY--PERSONAL NAME
Miscellaneous information Codice autore musica SPICS: 12000
9 (RLIN) 796
245 ## - TITLE STATEMENT
Title Laudis Canticum - Lodi e vespri quarta settimana
250 ## - EDITION STATEMENT
Edition statement 1a ed.
260 ## - PUBLICATION, DISTRIBUTION, ETC. (IMPRINT)
Place of publication, distribution, etc. MILANO
260 ## - PUBLICATION, DISTRIBUTION, ETC. (IMPRINT)
Name of publisher, distributor, etc. MULTIMEDIA SAN PAOLO
Date of publication, distribution, etc. 2007 [1a Ed.:2007 - Ed. Lingua Orig.: 2007]
300 ## - PHYSICAL DESCRIPTION
Extent COMPACT DISC
500 ## - GENERAL NOTE
General note Musica religiosa, liturgica. Testi della liturgia delle ore, Rito Romano. Masterizzazione in Mp3.
505 ## - FORMATTED CONTENTS NOTE
Formatted contents note Canto dei Primi vespri, lodi e vespri della Quarta Settimana del Tempo ordinario.
511 ## - PARTICIPANT OR PERFORMER NOTE
Participant or performer note Coro Rabbunì; soliste: Berloco V., Manca M., Musicat R., Schermidori F.
511 ## - PARTICIPANT OR PERFORMER NOTE
Participant or performer note Dizione di Benedetto Nardacci e Danilo Angelelli.
650 ## - SUBJECT ADDED ENTRY--TOPICAL TERM
Topical term or geographic name as entry element LITURGICO [COMPACT DISC]
Relator term Codice MATERIA SPICS: 9949
9 (RLIN) 27069
700 ## - ADDED ENTRY--PERSONAL NAME
Personal name AA.VV.
Relator term Autore testo e musica
Miscellaneous information Codice autore testo/musica SPICS: 12000
9 (RLIN) 33612
942 ## - ADDED ENTRY ELEMENTS (KOHA)
Koha item type CD AUDIO
Source of classification or shelving scheme Dewey Decimal Classification
Dati di copia
Withdrawn status Lost status Damaged status Not for loan Home library Current library Date acquired Total Checkouts Full call number Date last seen Price effective from Koha item type Public note
    Buone Condizioni Not For Loan SPICS-MEDIATECA SPICS-MEDIATECA 25/10/2013   H7543 25/10/2013 25/10/2013 CD AUDIO Progr. Ins.: 23138 / N.Vol.: 1 / Copie: 1 - Copia rara: n.d. / date import: 01.01.2014 - By Epidotti, Trombetti, Vaglietti
CREDITS: SOCIETA' SAN PAOLO Via A.Severo, 58 - ROMA (RM) & PERIODICI SAN PAOLO SRL Via Giotto, 36 MILANO & CISF Via Giotto, 36 MILANO & EDIZIONI SAN PAOLO SRL,  Piazza Soncino, 5 CINISELLO BALSAMO (MI) -- ITALY